000 01101cam a22002895a 4500
001 14420712
005 20201128024319.0
008 060620s2007 mau frb 001 0 eng d
020 _a9781405118101
020 _a1405118105
040 _aDLC
_cDLC
_dDLC
_dEG-ScBUE
_beng
082 0 4 _a302.2
_222
_bMCM
100 1 _aMcMillin, Divya C.
_q(Divya Carolyn)
_940664
245 1 0 _aInternational media studies /
_cDivya C. McMillin.
260 _aMalden :
_bBlackwell Publishing,
_c2007.
300 _axiii, 265 p. ;
_c23 cm.
504 _aIncludes bibliographical references and index.
650 7 _aCommunication, International.
_2BUEsh
650 7 _aGlobalization.
_2BUEsh
_92820
651 _2BUEsh
653 _bGGEN
_bCOMAME
_cApril2018
655 _vText book
_933728
856 4 1 _3Table of contents only
_uhttp://www.loc.gov/catdir/toc/ecip0616/2006020374.html
856 4 2 _3Contributor biographical information
_uhttp://www.loc.gov/catdir/enhancements/fy0802/2006020374-b.html
856 4 2 _3Publisher description
_uhttp://www.loc.gov/catdir/enhancements/fy0802/2006020374-d.html
942 _2ddc
999 _c26501
_d26473